TOEFL cliffs

Bewaard in:
Bibliografische gegevens
Formaat: Boek
Taal:Undetermined
Onderwerpen:
Tags: Voeg label toe
Geen labels, Wees de eerste die dit record labelt!
Thư viện lưu trữ: Trung tâm Học liệu Trường Đại học Cần Thơ
LEADER 00533nam a2200145Ia 4500
001 CTU_120827
008 210402s9999 xx 000 0 und d
082 |a 428.0076 
082 |b T641 
245 0 |a TOEFL cliffs 
650 |a English language,English language,Test of english as a foreign language 
650 |x Examinations,Textbooks for foreign speakers,Study guides 
904 |i M.Loan 
910 |i Mai chuyển số PL từ 428.34 thành 428.0076 chưa in nhãn 
980 |a Trung tâm Học liệu Trường Đại học Cần Thơ